000 00617cam a22002293a 4500
001 14718
003 PGUSA
005 20140828083320.0
008 050117s2005||||xxu|||||s|||||000 1 eng d
040 _aPGUSA
_beng
042 _adc
050 4 _aPG
100 1 _aSienkiewicz, Henryk,
_d1846-1916
245 1 0 _aBartek Sankari
_h[electronic resource] /
_cHenryk Sienkiewicz
260 _bProject Gutenberg,
_c2005
506 _aPublic domain in the USA.
516 _aElectronic text
653 _aFiction
830 0 _aProject Gutenberg
_v14718
856 4 0 _uhttp://www.gutenberg.org/ebooks/14718
942 _cEB
999 _c243973
_d243973